| 000 | 00793cam a2200205 a 4500 | ||
|---|---|---|---|
| 001 | 000010783 | ||
| 005 | 20200929162306.0 | ||
| 008 | 000120s1999 ec abc 001 0 spa | ||
| 040 |
_aDO-SdBNP _dBNPHU |
||
| 082 |
_a986.602 _bN575d |
||
| 100 | 1 |
_aNúñez Sánchez, Jorge _d1947- _926037 |
|
| 245 | 1 | 3 |
_aLa defensa del país de Quito / _cJorge Núñez Sánchez. |
| 260 |
_aQuito : _bMinisterio de Defensa Nacional, Centro de Estudios Históicos del Ejército, _c1999. |
||
| 300 |
_a217 p. : _bil., mapas, retrs ; _c21 cm. |
||
| 490 | 1 |
_aBiblioteca del ejército ecuatoriano _vv16 |
|
| 650 | 4 |
_aEcuador _xHistoria _yCOLONIA, 1563-1808 _926038 |
|
| 650 | 4 |
_aQuito (ecuador) _xHistoria _926039 |
|
| 830 | 0 |
_aBiblioteca del ejército ecuatoriano ; _vv16. _926040 |
|
| 910 | _aCatalogación por copia / LC | ||
| 999 |
_c10535 _d10535 |
||